000 00808nam a22002297a 4500
999 _c525435
_d525435
003 NUST
005 20190702062058.0
008 190702b ||||| |||| 00| 0 eng d
038 _aIESE
040 _c0
050 _a628 ADN
082 _2628 ADN
_a628 ADN
100 _aMuhammad Adnan
_916303
245 _aperformance evaluation of fertilize-drawn forward osmosis membrane bioreactor treating domestic wastewater
_cMuhammad Adnan
260 _aIslamabad
_bIESE (SCEE) NUST
_c2019
300 _a63p.
_bH.B
440 _aMS Environmental Engineering
_91549
500 _aThesis MS EE
650 _aEnvironmental Engineering
_91550
700 _4Dr. Sher Jamal (Supervisor)
942 _2ddc
_cTHE
_kIESE